[Event "20th WCh U20 Girls"]
[Site "Panaji IND"]
[Date "2002.12.20"]
[Round "13"]
[White "Tian Tian"]
[Black "Priyadarshini, M."]
[Result "1-0"]
[WhiteElo "2311"]
[BlackElo "2097"]
[EventDate "2002.12.09"]
[PlyCount "81"]

1.e4 c6 2.d4 d5 3.exd5 cxd5 4.c4 Nf6 5.Nc3 e6 6.Nf3 Bb4 7.cxd5 Nxd5 8.Bd2 
Nc6 9.Bd3 O-O 10.O-O Be7 11.Rc1 Bf6 12.Be3 g6 13.Bb1 Nxc3 14.bxc3 b6 15.
Re1 Bb7 16.Nd2 Bg7 17.Ne4 h6 18.Bf4 Ne7 19.Qd2 Kh7 20.h4 Qd5 21.f3 Ng8 22.
Nd6 Nf6 23.h5 e5 24.hxg6+ fxg6 25.dxe5 Nh5 26.Qxd5 Bxd5 27.Bh2 Be6 28.Rcd1
Nf4 29.Rd4 Nh5 30.g4 Ng3 31.Bxg3 Rxf3 32.Rd3 Bxg4 33.Rxf3 Bxf3 34.Re3 Bd5 
35.e6 Bxc3 36.Rxc3 Bxe6 37.Rc7+ Kg8 38.Bxg6 Bxa2 39.Be5 a5 40.Bh7+ Kf8 41.
Bg7# 1-0

[Event "20th WCh U20 Girls"]
[Site "Panaji IND"]
[Date "2002.12.20"]
[Round "13"]
[White "Prathiba, Yuvarajan"]
[Black "Churun, Polina"]
[Result "1-0"]
[WhiteElo "2223"]
[BlackElo "2162"]
[EventDate "2002.12.09"]
[PlyCount "58"]

1.e4 c5 2.Nf3 Nc6 3.d4 cxd4 4.Nxd4 Nf6 5.Nc3 d6 6.Be2 e5 7.Nb3 Be7 8.O-O 
O-O 9.Kh1 a5 10.a4 Nb4 11.Be3 Be6 12.f4 Qc7 13.Rc1 Bc4 14.Nd2 Bxe2 15.Qxe2
Qc6 16.Bg1 Rfe8 17.f5 d5 18.exd5 Nbxd5 19.Nxd5 Nxd5 20.Qe4 Rac8 21.Nf3 f6 
22.Rfd1 Red8 23.Rd2 Nb4 24.Qxc6 Nxc6 25.Rcd1 Rxd2 26.Rxd2 Rd8 27.Bb6 Rxd2 
28.Nxd2 Bd8 29.Bxd8 Nxd8 1-0

[Event "20th WCh U20 Girls"]
[Site "Panaji IND"]
[Date "2002.12.20"]
[Round "13"]
[White "Zigangirova, Sofya"]
[Black "Chandra, Koneru"]
[Result "1/2-1/2"]
[WhiteElo "2241"]
[BlackElo "2086"]
[EventDate "2002.12.09"]
[PlyCount "116"]

1.e4 c6 2.d4 d5 3.e5 Bf5 4.Nc3 e6 5.g4 Bg6 6.Nge2 c5 7.Be3 Nc6 8.h4 h6 9.
h5 Bh7 10.f4 cxd4 11.Nxd4 Bb4 12.Nb5 a6 13.Nd6+ Bxd6 14.exd6 Qxd6 15.Qd2 
Nf6 16.Rg1 d4 17.O-O-O Qb4 18.Bxd4 O-O-O 19.Ne2 Qa4 20.Qc3 Qxa2 21.b3 Ne4 
22.Qa1 Qxa1+ 23.Bxa1 Rxd1+ 24.Kxd1 Rd8+ 25.Kc1 f6 26.Bg2 Nb4 27.Bxe4 Bxe4 
28.Nd4 Rd6 29.g5 e5 30.gxh6 gxh6 31.Rg8+ Kd7 32.Rg7+ Ke8 33.fxe5 fxe5 34.
Ne2 Bxc2 35.Bxe5 Re6 36.Bc3 Rxe2 37.Bxb4 Bxb3 38.Rxb7 Re6 39.Bd2 Rc6+ 40.
Kb2 Bf7 41.Be3 Kf8 42.Rb6 Rxb6+ 43.Bxb6 Bxh5 44.Be3 Kg7 45.Bxh6+ Kxh6 46.
Ka2 a5 47.Kb2 Kg5 48.Ka2 Kf4 49.Kb2 Ke4 50.Ka2 Kd4 51.Kb2 Kc4 52.Ka2 Bd1 
53.Kb2 a4 54.Ka2 Kc3 55.Kb1 Kb3 56.Ka1 a3 57.Kb1 Bc2+ 58.Ka1 a2 1/2-1/2

[Event "20th WCh U20 Girls"]
[Site "Panaji IND"]
[Date "2002.12.20"]
[Round "13"]
[White "Kavitha, J. E."]
[Black "Tsai, Cindy"]
[Result "1-0"]
[WhiteElo "2064"]
[BlackElo "2204"]
[EventDate "2002.12.09"]
[PlyCount "67"]

1.e4 c5 2.Nf3 d6 3.d4 cxd4 4.Nxd4 Nf6 5.Nc3 a6 6.Be3 e5 7.Nb3 Be7 8.f3 Be6
9.Qd2 O-O 10.O-O-O Qc7 11.g4 Rc8 12.g5 Nh5 13.Kb1 Nd7 14.Qf2 b5 15.h4 b4 
16.Nd5 Bxd5 17.Rxd5 Rcb8 18.f4 exf4 19.Bxf4 Nxf4 20.Qxf4 a5 21.h5 a4 22.
Nd4 Ne5 23.g6 Bf8 24.gxh7+ Kh8 25.h6 a3 26.Nb5 Rxb5 27.Rxb5 axb2 28.Rxb4 
Rxa2 29.Rxb2 Ra8 30.Be2 d5 31.Rh3 Qa5 32.c3 Nc4 33.hxg7+ Bxg7 34.Rb8+ 1-0

[Event "20th WCh U20 Girls"]
[Site "Panaji IND"]
[Date "2002.12.20"]
[Round "13"]
[White "Rajalakshmi, C. V."]
[Black "Priya Panneer, Ramachandran"]
[Result "1-0"]
[WhiteElo "2018"]
[BlackElo "2106"]
[EventDate "2002.12.09"]
[PlyCount "55"]

1.f4 d5 2.Nf3 Nf6 3.e3 e6 4.b3 c5 5.Bb2 Be7 6.Bd3 O-O 7.O-O Nc6 8.Ne5 Nb4 
9.Be2 Qc7 10.d3 b6 11.Nd2 Bb7 12.Ndf3 b5 13.a3 Nc6 14.Nxc6 Qxc6 15.Ne5 Qb6
16.Qe1 Rfd8 17.Rf3 c4 18.Rh3 Rac8 19.b4 Qc7 20.Bd4 Nd7 21.Nxd7 Qxd7 22.Qg3
Bf8 23.Qh4 h6 24.Rg3 Kh7 25.Qg4 g6 26.Qh4 Be7 27.Qxh6+ Kxh6 28.Rh3+ 1-0